Devinez le Département Mystère #58 - Statistiques

Statistiques générales
  • Ce quiz a été pris 224 fois
  • Le résultat moyen est 27 sur 33
Statistiques - réponses
Type de Réponse Réponse % Correct
Lettre Trouvée E
100%
Lettre Trouvée I
99%
Lettre de l'Alphabet A
98%
Lettre Trouvée N
98%
Lettre de l'Alphabet O
98%
Lettre Trouvée R
98%
Lettre de l'Alphabet S
98%
Lettre de l'Alphabet L
96%
Lettre de l'Alphabet D
93%
Lettre de l'Alphabet T
93%
Lettre de l'Alphabet U
93%
Lettre de l'Alphabet H
92%
Lettre de l'Alphabet C
91%
Lettre de l'Alphabet M
89%
Lettre Bien Placée E
84%
Lettre Trouvée V
83%
Lettre de l'Alphabet G
81%
Lettre de l'Alphabet P
79%
Lettre de l'Alphabet Y
79%
Lettre de l'Alphabet B
78%
Lettre de l'Alphabet F
76%
Lettre de l'Alphabet Z
72%
Lettre Bien Placée È
70%
Lettre Bien Placée R
69%
Lettre de l'Alphabet Q
68%
Lettre de l'Alphabet J
67%
Lettre Bien Placée I
66%
Lettre de l'Alphabet K
63%
Lettre Bien Placée N
63%
Département Mystère Nièvre
63%
Lettre Bien Placée V
63%
Lettre de l'Alphabet W
63%
Lettre de l'Alphabet X
63%
Aucun quiz correspondant
Distribution des résultats
% des personnes avec chaque résultat
Percentile par nombre de réponses
Votre historique - résultats
Vous n’avez pas pris ce quiz